000 00575cam a2200145 4500500
005 20260208002338.0
041 _afre
042 _adc
100 1 0 _aLeblan, Vincent
_eauthor
245 0 0 _aAlison Wylie, Thinking from Things: Essays in the Philosophy of Archaeology, Berkeley-Los Angeles, University of California Press, 2002, xviii + 339 p., bibl., index
260 _c2005.
500 _a65
786 0 _nL'Homme | 173 | 1 | 2005-01-01 | p. 199ze-283ze | 0439-4216
856 4 1 _uhttps://shs.cairn.info/revue-l-homme-2005-1-page-199ze?lang=fr&redirect-ssocas=7080
999 _c1645945
_d1645945